000 002660000a22000970004500
100 1 _aHutchinson, Carmen
245 1 0 _aReflexiones de una Womanist centroamericana
300 _aVol. 13, Num 1 (Junio, 1993), Páginas 40-46
773 0 _tVida y pensamiento
942 _cANA
999 _c53026
_d53026